000 01180nam a2200337 i 4500
001 193619
003 SpMaBN
005 20250804062657.0
007 ta
008 920725s1965 sp spa
016 7 _abimoBNE19983104536
_zIND9200471066
_2SpMaBN
017 _aB 19185-1965
_bOficina Depósito Legal Barcelona
035 _a(OCoLC)432394364
040 _aSpMaBN
_bspa
_cA2
080 _a82-311"19"
100 1 _aKennedy, Margaret,
_d1896-1967
_0XX1330343
_eaut
_967845
245 1 3 _aLa sonrisa olvidada /
_cpor Margaret Kennedy ; [traducción de Adelina Carrera]
250 _aPrimera edición: julio, 1965
260 _aBarcelona :
_bPlaza & Janés,
_c1965
300 _a280 páginas ;
_c20 cm
336 _2rdacontent
_aTexto
337 _2rdamedia
_asin mediación
338 _2rdacarrier
_avolumen
490 0 _aNovelistas del día
655 0 _aNovelas
_9234319
700 1 _aCarrera, Adelina
_9234969
_etrl
852 _aES-MaACL
_bR. 153279
_cDEPOJ
_jN-8150
_hDonación: Editorial
_xEncuadernación: cartoné
_9201121
942 _n0
_cMONOGRAFIA
999 _c193619
_d193619